Bilecik Bilecik Bilecik Bilecik Bilecik

Sivil toplum için yasama sürecine katılım el kitabı/ (Record no. 58650)

MARC details
000 -BAŞLIK
Sabit Uzunluktaki Kontrol Alanı 01493nam a22003857a 4500
001 - KONTROL NUMARASI
Control Dosyası 0058846
003 - KONTROL NUMARASI KİMLİĞİ
Kontrol Alanı KOHA_MİRAKIL
005 - EN SON İŞLEM TARİHİ ve ZAMANI
Kontrol Alanı 20260207004208.0
007 - FİZİKSEL TANIM SABİT ALAN - GENEL BİLGİ
Sabit uzunluklu kontrol alanı ta
008 - SABİT UZUNLUKTAKİ VERİ ÖGELERİ - GENEL BİLGİ
Sabit Alan 160719b2009 tu a|||gr||||#||||0|tur |
020 ## - ISBN - ULUSLARARASI STANDART KİTAP NUMARASI
Isbn 9786056101700
040 ## - KATALOGLAMA KAYNAĞI
Özgün Kataloglama Kurumu TR-BiSEU
Kataloglama Dili tur
Çeviri Kurumu TR-BiSEU
Açıklama Kuralları rda
041 0# - DİL KODU
Metin ya da ses kaydının dil kodu tur
044 ## - YAYINLAYAN/ÜRETEN KURULUŞUN ÜLKE KODU
ISO country code tu
050 ## - SINIFLAMA ve YER NUMARASI
Sınıflama Numarası JQ1807
Yer Numarası .S58 2009
245 0# - ESER ADI BİLDİRİMİ
Başlık Sivil toplum için yasama sürecine katılım el kitabı/
Sorumluluk Bildirimi Yayın kurulu İrfan Neziroğlu, Fahri Bakırcı, Semra Gökçimen, Habip Kocaman, Ali Fuat Kartal, Feray Salman, Nuran Talu, Hakan Tokbaş, Şanar Yurdatapan.
264 #1 - ÜRERİM, YAYIN, DAĞITIM ve TELİF BİLDİRİMİ
Yayın yeri Ankara :
Yayınlayan Yasama Derneği
Yayın tarihi 2009
300 ## - FİZİKSEL TANIMLAMA
Sayfa, Cilt vb. 167 sayfa :
Diğer fiziki detaylar resimli ;
Boyutları 22 cm.
336 ## - İÇERİK TÜRÜ
Content type term metin
Content type code txt
Source rdacontent
337 ## - MEDYA TÜRÜ
Media type term aracısız
Media type code n
Source rdamedia
338 ## - TAŞIYICI TÜRÜ
Carrier type term cilt
Carrier type code nc
Source rdacarrier
490 1# - DİZİ BİLDİRİMİ
Dizi Bildirimi Yasama Derneği yayınları yayın no ;
Cilt Numarası 1
650 #0 - KONU BAŞLIĞI EK GİRİŞ - KONU TERİMİ
Konusal terim veya coğrafi ad Türkiye--Büyük Millet Meclisi.
9 (RLIN) 41040
650 #0 - KONU BAŞLIĞI EK GİRİŞ - KONU TERİMİ
Konusal terim veya coğrafi ad Turkey--Büyük Millet Meclisi.
9 (RLIN) 41041
650 #0 - KONU BAŞLIĞI EK GİRİŞ - KONU TERİMİ
Konusal terim veya coğrafi ad İdare örgütleri--Türkiye--Kurallar ve uygulamalar.
9 (RLIN) 108867
650 #0 - KONU BAŞLIĞI EK GİRİŞ - KONU TERİMİ
Konusal terim veya coğrafi ad Legislative bodies--Turkey--Rules and practice.
9 (RLIN) 73829
650 #0 - KONU BAŞLIĞI EK GİRİŞ - KONU TERİMİ
Konusal terim veya coğrafi ad Parlamento usulü--Türkiye.
9 (RLIN) 108868
650 #0 - KONU BAŞLIĞI EK GİRİŞ - KONU TERİMİ
Konusal terim veya coğrafi ad Parliamentary practice--Turkey.
9 (RLIN) 78966
650 #0 - KONU BAŞLIĞI EK GİRİŞ - KONU TERİMİ
Konusal terim veya coğrafi ad Mevzuat--Türkiye.
9 (RLIN) 108869
650 #0 - KONU BAŞLIĞI EK GİRİŞ - KONU TERİMİ
Konusal terim veya coğrafi ad Legislation--Turkey.
9 (RLIN) 108870
650 #0 - KONU BAŞLIĞI EK GİRİŞ - KONU TERİMİ
Konusal terim veya coğrafi ad Sivil toplum--Türkiye.
9 (RLIN) 9325
650 #0 - KONU BAŞLIĞI EK GİRİŞ - KONU TERİMİ
Konusal terim veya coğrafi ad Civil society--Turkey.
9 (RLIN) 19080
830 1# - SERİ EK GİRİŞİ - TEKBİÇİM ESER ADI
Tekbiçim Başlık Yasama Derneği yayınları yayın no ;
Volume number/sequential designation 1
9 (RLIN) 108871
942 ## - EK GİRİŞ ÖGELERİ (KOHA)
Source of classification or shelving scheme Library of Congress Classification
Koha item type Book
Holdings
Materyal Türü Kalıcı Konum Mevcut Konum Raf Yeri Sınıflandırma Kaynağı Edinim Bilgisi Ana Konular Alt Konular Yer Numarası Demirbaş Numarası Fatura Tarihi Geri Çekilme Durumu Kayıp Durumu Hasarlı Durumu Kredi için değil Kayıt Tarih Toplam Ödünçverme Son Görülme Tarihi Son Kontrol Tarihi Genel / Bağış Notu
Book Prof. Dr. Azmi Özcan Kütüphanesi Prof. Dr. Azmi Özcan Kütüphanesi Uluğbey Salonu Library of Congress Classification Bağış SİYASET BİLİMİ Siyasi Kurumlar ve Kamu Yönetimi (Asya, Afrika, Okyanusya vb.) JQ1807 .S58 2009 0058846 02/02/2026         19/07/2016   05/12/2024 05/12/2024 Genel Bağış